000 00684nam a2200253Ia 4500
003 OSt
005 20220918164921.0
006 a|||||r|||| 00| 0
007 ta
008 220917b |||||||| |||| 00| 0 eng d
020 _a0813398096 (pbk)
024 _a177,036
037 _cTextual
040 _aARTS
_cARTS
_beng
041 _2eng
_aeng
082 _aW6,8, P1
245 0 _aDemocracy, bureaucracy and the study of administration edited by Camilla Stivers
260 _aAmerica
_bWestview Press
_c2001
300 _axii, 520p.
_ccm.
490 _aASPA series
650 _aPOLITICAL SCIENCE
942 _hW6,8, P1
_cTEXL
_2CC
999 _c127391
_d127391